| 000 | 00880cam a2200289Mi 4500 | ||
|---|---|---|---|
| 001 | 93935 | ||
| 005 | 20230410132927.0 | ||
| 008 | 981208s19779999sp 000 0 spa d | ||
| 035 | _a(OCoLC)ocn246302585 | ||
| 040 |
_aGyGoGBV _erakwb _bger _cGBVCP |
||
| 020 | _a8424916824 | ||
| 020 | _a9788424916824 | ||
| 035 | _a(OCoLC)246302585 | ||
| 050 | 1 | 4 |
_aB 171 _bB582 1977 |
| 100 | 3 | _aSinesio de Cirene. | |
| 130 | 1 | _aBiblioteca Clásica Gredos. | |
| 245 | 1 | 0 |
_aCartas / _cSinesio de Cirene. Introducción, traducción y notas de Francisco Anatonio García Romero. |
| 260 |
_aMadrid : _bEditorial Gredos, _c1977. |
||
| 300 | _a342 S. | ||
| 440 | 0 |
_aBiblioteca Clásica gredos ; _vn.205 |
|
| 650 | 0 | _aPhylosophy, Classical. | |
| 650 | 0 | _aPhylosophy, Ancient. | |
| 700 | 1 | _aGracía Romero, Francisco Antonio. | |
| 942 |
_2lcc _cbk |
||
| 946 | _amjcruz | ||
| 994 |
_aC0 _bDRFGD |
||
| 999 |
_c90326 _d90326 |
||